00294pab a2200133 454500008004000000100001800040245002400058260000900082300001100091362001100102650002000113650001200133773001500145180718b2013 xxu||||| |||| 00| 0 eng d aNayar, Kuldip aThe partition story c2013 ap.7-8. a17 Aug aIndia - History aHistory aMainstream